000 00756nam a22002535i 4500
001 17859068
005 20140929111953.0
008 130821s2014 cau 000 0 eng
010 _a 2013948470
020 _a9781446267899 (pbk.)
020 _a9781446267882 (cased)
040 _aDLC
_beng
_erda
_cDLC
042 _apcc
050 _aLB 1028.3
_b.Su941 2014
245 1 0 _aSubject teaching in primary education /
_cPatrick Smith ; [edited by] Patrick Smith, Lyn Dawes.
250 _a1st edition.
260 _aLondon :
_bSAGE Publication Ltd.,
_cc2014.
263 _a1403
300 _a275 pages :
_c24 cm.
521 _aEducation
906 _a0
_bibc
_corignew
_d2
_eepcn
_f20
_gy-gencatlg
942 _2lcc
_cBK
_kFOR
999 _c275928
_d275928